[Event "Challenge"]
[Site "http://www.queenalice.com/game.php?id=610807"]
[Date "2009.6.29"]
[Round "-"]
[White "gatinha"]
[Black "Wedley"]
[Result "1-0"]
[WhiteElo "1513"]
[BlackElo "1382"]

1. e4 e5 2. Nf3 c6 3. Nc3 Nf6 4. Bd3 Qb6 5. O-O Bc5 6. Qe1 d6 7. b3 d5 8. exd5
Qc7 9. Nxe5 Bd6 10. f4 cxd5 11. Bb5+ Nc6 12. d3 1-0

[Event "Challenge"]
[Site "http://www.queenalice.com/game.php?id=620355"]
[Date "2009.7.17"]
[Round "-"]
[White "gatinha"]
[Black "cesarcalegari"]
[Result "1-0"]
[WhiteElo "1602"]
[BlackElo "1256"]

1. Nf3 Nc6 2. d4 d5 3. Bf4 Nf6 4. Nc3 Qd7 5. e3 Qf5 6. Qd2 Ng4 7. O-O-O Nb4 8.
h3 Nxf2 9. Qxf2 Qg6 10. Nb5 Bf5 11. Bd3 Bxd3 12. cxd3 Nxa2+ 13. Kb1 Nb4 14.
Nxc7+ Kd8 15. Nxa8 Nxd3 16. Qc2 e6 17. Bc7+ Ke8 18. Rxd3 Bb4 19. Ne5 Qg3 20.
Qa4+ Kf8 21. Qxb4+ Ke8 22. Rg1 Qh2 23. Rdd1 f6 24. Nf3 Qxc7 25. Nxc7+ Kf7 26. g4
Rc8 27. Nb5 Rc4 28. Qd6 Kg6 29. g5 fxg5 30. Qxe6+ Kh5 31. Rxg5# 1-0

[Event "Challenge"]
[Site "http://www.queenalice.com/game.php?id=630865"]
[Date "2009.8.5"]
[Round "-"]
[White "gatinha"]
[Black "lorduakiti"]
[Result "1-0"]
[WhiteElo "1602"]
[BlackElo "1123"]

1. e4 e5 2. Nf3 d5 3. Nc3 dxe4 4. Nxe4 f6 5. g4 a6 6. Bc4 Ne7 7. h3 h5 8. d3
hxg4 9. Ng1 f5 10. Ng5 Nd5 11. Qe2 Be7 12. Qxe5 O-O 13. Bxd5+ Rf7 14. Nxf7 Qf8
15. Nd8+ Kh8 16. hxg4+ Bh4 17. Rxh4# 1-0

[Event "revenge of the revenge"]
[Site "http://www.queenalice.com/game.php?id=634274"]
[Date "2009.8.11"]
[Round "-"]
[White "lorduakiti"]
[Black "gatinha"]
[Result "0-1"]
[WhiteElo "1123"]
[BlackElo "1613"]

1. d4 d5 2. Nc3 Nf6 3. h3 Nc6 4. e4 dxe4 5. Be3 e6 6. a3 Bd6 7. f3 Bg3+ 8. Bf2
Qd6 9. fxe4 Qf4 10. Nge2 Qxf2+ 11. Kd2 Bf4+ 12. Kd3 Bh6 13. Rg1 Qe3+ 14. Kc4
Na5+ 15. Kb4 b6 16. Rh1 O-O 17. e5 Nd5+ 18. Nxd5 exd5 19. Nc3 Rd8 20. Qd3 c5+
21. Kb5 a6+ 22. Kxb6 Nc4+ 23. Kxc5 Qg5 24. b3 Qe7+ 25. Kc6 Bb7# 0-1

[Event "Challenge"]
[Site "http://www.queenalice.com/game.php?id=639142"]
[Date "2009.8.19"]
[Round "-"]
[White "gatinha"]
[Black "dhiratsuka"]
[Result "0-1"]
[WhiteElo "1613"]
[BlackElo "1668"]

1. e4 e5 2. Nf3 d6 3. c4 Bg4 4. h3 Be6 5. Bd3 g6 6. O-O d5 7. b3 dxc4 8. bxc4
Qxd3 9. Nxe5 Qd4 10. Bb2 Qxb2 11. Qa4+ Nc6 12. Na3 Bxa3 13. Nd3 Qf6 14. Qxa3
Bxc4 15. Rfe1 b5 16. e5 Qh4 17. e6 fxe6 18. g3 Qxh3 19. Re3 Bd5 20. Ne1 Qh1# 0-1

[Event ">__<"]
[Site "http://www.queenalice.com/game.php?id=641914"]
[Date "2009.8.24"]
[Round "-"]
[White "lorduakiti"]
[Black "gatinha"]
[Result "0-1"]
[WhiteElo "1123"]
[BlackElo "1564"]

1. e4 e5 2. Nf3 Nc6 3. d4 Bb4+ 4. c3 Ba5 5. dxe5 Qe7 6. Bg5 Qc5 7. b4 Nxb4 8.
cxb4 Bxb4+ 9. Nbd2 h6 10. Bh4 g5 11. Rc1 Qe7 12. Bg3 g4 13. Nh4 Qg5 14. Nf5 d6
15. Rc4 c5 16. Nxd6+ Kf8 17. h4 Qd8 18. f3 h5 19. Qa4 Bd7 20. Nb5 a6 21. Bf2
axb5 22. Qb3 bxc4 23. Qxc4 b6 24. fxg4 Be6 25. Qb5 Qxd2# 0-1

[Event "Challenge"]
[Site "http://www.queenalice.com/game.php?id=643751"]
[Date "2009.8.28"]
[Round "-"]
[White "gatinha"]
[Black "cesarcalegari"]
[Result "1-0"]
[WhiteElo "1564"]
[BlackElo "1272"]

1. e4 e5 2. Nf3 d6 3. Nc3 Qf6 4. d3 Na6 5. Nd5 Qd8 6. c3 Nc5 7. b4 c6 8. Ne3 b5
9. d4 Nxe4 10. Qe2 Nxc3 11. Qd2 Ne4 12. Qe2 Nc3 13. Qc2 Nd5 14. Qxc6+ Bd7 15.
Qxd5 Qb6 16. Qxa8+ Ke7 17. dxe5 dxe5 18. Nd5+ Kd6 19. Nxb6 Bc6 20. Qxf8+ Kc7 21.
Nc8 Bb7 22. Bg5 Bxc8 23. Rc1+ Kd7 24. Qxc8+ Kd6 25. Qc6# 1-0

[Event "Challenge"]
[Site "http://www.queenalice.com/game.php?id=644108"]
[Date "2009.8.29"]
[Round "-"]
[White "gatinha"]
[Black "raymundo"]
[Result "0-1"]
[WhiteElo "1564"]
[BlackElo "2085"]

1. e4 c5 2. d3 d6 3. Nc3 Nc6 4. Nf3 Nf6 5. Bf4 Bg4 6. h3 Bh5 7. g4 Bg6 8. Qe2 e5
9. Be3 Qb6 10. Na4 Qa5+ 11. Nc3 O-O-O 12. Bg2 h5 13. O-O hxg4 14. Ng5 gxh3 15.
Bxh3+ Kb8 16. f3 Nh5 17. Bf2 Nf4 18. Qe3 Nxh3+ 19. Nxh3 Rxh3 20. Be1 Be7 21. Rf2
Rdh8 22. Kf1 Nd4 23. Rg2 Rh1+ 24. Rg1 Nxc2 25. Qc1 Nxa1 26. Qxa1 Qd8 27. Bf2 Qd7
0-1

[Event "Challenge"]
[Site "http://www.queenalice.com/game.php?id=646809"]
[Date "2009.9.3"]
[Round "-"]
[White "gatinha"]
[Black "lorduakiti"]
[Result "0-1"]
[WhiteElo "1575"]
[BlackElo "1123"]

1. e4 e5 2. d3 Nc6 3. Be3 f6 4. Nf3 h5 5. Nc3 g5 6. h3 a6 7. Qe2 Bd6 8. O-O-O
Nh6 9. g4 h4 10. Rg1 O-O 11. Nd5 b6 12. Nd2 Nd4 13. Qe1 c6 14. Nc3 a5 15. Bg2 b5
16. a4 b4 17. Ne2 c5 18. Nc4 b3 19. Nxd4 exd4 20. Bd2 Rb8 21. Nxd6 Ba6 22. cxb3
Rxb3 23. Bxa5 Qb8 24. Nc4 Qb7 25. Rd2 Rd8 26. Rc2 Rb8 27. Re2 Rxd3 28. Bf1 Bxc4
29. Rd2 Ra8 30. Bxd3 d5 31. f3 Rxa5 32. Qd1 Bb3 33. Bc2 c4 34. Rxd4 Qb6 35. exd5
Rxa4 36. Kd2 Qxd4+ 37. Ke1 Qxg1+ 38. Kd2 Qg2+ 39. Kc1 Ra1+ 40. Bb1 Nf7 41. Qd2
Qf1+ 42. Qd1 Qxd1# 0-1

[Event "Challenge"]
[Site "http://www.queenalice.com/game.php?id=667888"]
[Date "2009.10.15"]
[Round "-"]
[White "gatinha"]
[Black "cesarcalegari"]
[Result "0-1"]
[WhiteElo "1618"]
[BlackElo "1266"]

1. e4 e5 2. d3 d6 3. Nf3 c5 4. Bg5 Qa5+ 5. Nc3 Qb4 6. a3 Qxb2 7. Bd2 f5 8. Be2
fxe4 9. Ra2 Qb6 10. Nd5 Qd8 11. dxe4 Na6 12. h4 Nf6 13. c4 Qd7 14. Bg5 Qg4 15.
Rg1 Qxe4 16. Rd2 Be7 17. Nc7+ Nxc7 18. Rd3 Qxc4 19. Qd2 O-O 20. g3 Ncd5 21. Nh2
Ne4 22. Qd1 Ndc3 23. Qc2 Rxf2 24. Bf1 Rxc2 25. Bd2 Qa2 26. Bc1 Qb1 27. Rg2 Qxc1+
28. Rd1 Qxd1# 0-1

[Event "Challenge"]
[Site "http://www.queenalice.com/game.php?id=675881"]
[Date "2009.11.1"]
[Round "-"]
[White "gatinha"]
[Black "ZUMBI"]
[Result "0-1"]
[WhiteElo "1560"]
[BlackElo "1873"]

1. e4 e5 2. Nf3 Nf6 3. d3 Nc6 4. Nc3 Bb4 5. a3 Bxc3+ 6. bxc3 O-O 7. Be2 Re8 8.
g3 d5 9. Bg5 h6 10. Be3 dxe4 11. Nh4 exd3 12. cxd3 e4 13. O-O h5 14. f3 Bh3 15.
Rf2 Nd5 16. c4 Nxe3 17. Qd2 Qd4 18. fxe4 Qxa1+ 19. Rf1 Nxf1 20. Bxf1 Qxf1# 0-1

[Event "Challenge"]
[Site "http://www.queenalice.com/game.php?id=675882"]
[Date "2009.11.1"]
[Round "-"]
[White "gatinha"]
[Black "lorduakiti"]
[Result "1-0"]
[WhiteElo "1553"]
[BlackElo "1171"]

1. e4 e5 2. Nf3 f6 3. d3 c6 4. c4 Bd6 5. Nc3 b5 6. b3 b4 7. Ne2 a5 8. Be3 Ba6 9.
Qd2 c5 10. a3 Nc6 11. Ng3 Nge7 12. Nf5 Nxf5 13. O-O-O O-O 14. axb4 axb4 15. g4
Nfd4 16. Qb2 Nxf3 17. Be2 Ng5 18. Rhg1 Na5 19. h4 Nh3 20. Rgf1 Bb7 21. Rh1 Nxf2
22. Bxf2 Nc6 23. h5 Ra3 24. Rhg1 Qa5 25. Kd2 Ra8 26. Ke1 Qd8 27. Be3 Na5 28. g5
Qf8 29. h6 g6 30. gxf6 Qxf6 31. Rf1 Qh4+ 32. Bf2 Qxh6 33. Rg1 Nxb3 34. d4 cxd4
35. Bf1 Bxe4 36. Qe2 Nc1 37. Qxe4 Ra1 38. Qd5+ Kg7 39. Qxd6 R8a2 40. Qxe5+ Kf8
41. Qd6+ Kf7 42. Qxd7+ Kf8 43. Bxd4 Qh4+ 44. Bf2 Rxf2 45. Qc8+ Kg7 46. Rd7+ Kh6
47. Kd1 Ne2+ 48. Kc2 Nxg1+ 49. Kb3 Rfxf1 50. Kxb4 Qe1+ 51. Kc5 Nf3 52. Qh8 Ra5+
53. Kc6 Qe6+ 54. Kc7 Ne5 55. Rxh7+ Kg5 56. Qd8+ Kf5 57. Qf8+ Qf6 58. Qh6 Ra7+
59. Kc8 Rfa1 60. Qh3+ Ng4 61. Qf3+ Kg5 62. Qd5+ Ne5 63. Qg2+ Kf4 64. Qf2+ Nf3
65. Rxa7 Rxa7 66. Qxa7 Qf8+ 67. Kb7 Qf7+ 68. Kb6 Ne5 69. c5 Nc4+ 70. Ka6 Ke5 71.
Qxf7 Nd6 72. Qe7+ Kd5 73. cxd6 Kc5 74. d7+ Kd4 75. d8=Q+ Kc3 76. Qe3+ Kb4 77.
Qdd4# 1-0

[Event "Challenge"]
[Site "http://www.queenalice.com/game.php?id=715115"]
[Date "2010.1.17"]
[Round "-"]
[White "gatinha"]
[Black "cesarcalegari"]
[Result "1-0"]
[WhiteElo "1545"]
[BlackElo "1280"]

1. e4 e5 2. Nf3 d6 3. Nc3 Nf6 4. Nd5 Nxd5 5. exd5 Na6 6. Qe2 Nb4 7. Qd1 c6 8. c3
Na6 9. Qa4 Bf5 10. Nd4 Bg6 11. dxc6 bxc6 12. Nxc6 Qc7 13. Bxa6 d5 14. O-O Bd6
15. Re1 O-O 16. d4 exd4 17. cxd4 Bxh2+ 18. Kh1 Rae8 19. g3 Rxe1+ 20. Kxh2 Rfe8
21. Ne5 Be4 22. Qxe8# 1-0

[Event "Challenge"]
[Site "http://www.queenalice.com/game.php?id=722784"]
[Date "2010.1.30"]
[Round "-"]
[White "gatinha"]
[Black "ciceroeduardo"]
[Result "0-1"]
[WhiteElo "1554"]
[BlackElo "1687"]

1. e4 e5 2. Nf3 Nc6 3. Nc3 Bc5 4. d3 Nf6 5. Be3 Bxe3 6. fxe3 O-O 7. g3 d6 8. Qe2
Bg4 9. Bg2 Qd7 10. O-O a6 11. a4 d5 12. exd5 Nxd5 13. e4 Nf6 14. h3 Bxf3 15.
Bxf3 Qxh3 16. Rf2 Qxg3+ 17. Bg2 Nd4 18. Qe1 Ng4 19. Ne2 Qh2+ 20. Kf1 Nxf2 21.
Qxf2 f5 22. c3 fxe4 23. cxd4 Rxf2+ 24. Kxf2 Rf8+ 25. Ke1 Qxg2 26. Kd2 exd4 27.
dxe4 Qxe4 28. Ra3 Rf2 29. Rd3 Qxe2+ 30. Kc1 Qc2# 0-1

[Event "Challenge"]
[Site "http://www.queenalice.com/game.php?id=731044"]
[Date "2010.2.12"]
[Round "-"]
[White "gatinha"]
[Black "lorduakiti"]
[Result "1-0"]
[WhiteElo "1540"]
[BlackElo "1170"]

1. e4 e5 2. Nf3 Nf6 3. d3 d6 4. Nc3 Nc6 5. Be3 Be6 6. Qd2 Qd7 7. O-O-O O-O-O 8.
g3 Nh5 9. Bg2 Nd4 10. Nxd4 exd4 11. Bxd4 c5 12. Be3 b5 13. a3 b4 14. Nd5 bxa3
15. bxa3 Qa4 16. Qc3 Rd7 17. Kd2 Rb7 18. Ra1 Rb3 19. Qxb3 Qxb3 20. cxb3 f5 21.
Nf4 Bf7 22. exf5 Be7 23. Rac1 Bf6 24. Nd5 Be5 25. Rc4 Bxd5 26. Ra4 Bxb3 27. Rxa7
g6 28. f4 Bb2 29. Ra8+ Kc7 30. Rxh8 Nf6 31. Rb1 gxf5 32. Rxb2 c4 33. dxc4 Bxc4
34. Bd4 Ne4+ 35. Ke1 d5 36. Rxh7+ Kc6 37. Rb6# 1-0

[Event "Challenge"]
[Site "http://www.queenalice.com/game.php?id=740070"]
[Date "2010.3.2"]
[Round "-"]
[White "gatinha"]
[Black "cesarcalegari"]
[Result "0-1"]
[WhiteElo "1541"]
[BlackElo "1383"]

1. d4 d5 2. Nf3 Nf6 3. Be3 Nc6 4. Nc3 e6 5. Qd2 Qd6 6. Bf4 Qb4 7. a3 Qxb2 8. e3
Qxa1+ 9. Nd1 Bxa3 10. Bd3 Nb4 11. O-O Ng4 12. c3 Nc6 13. h3 Nf6 14. Bxc7 Na5 15.
Ne5 O-O 16. Bxa5 Bc1 17. Qe2 b6 18. Bb4 Rd8 19. Nc6 Rd7 20. Bb5 Ne4 21. Ne7+ Kh8
22. f3 Ng3 23. Qe1 Nf5 24. g4 Nh6 25. Rf2 a5 26. Rc2 axb4 27. Nxc8 Bxe3+ 28.
Qxe3 Qxd1+ 29. Bf1 Qxc2 30. Nxb6 Ra1 31. Nxd7 f5 32. Ne5 Qd1 33. g5 Qxf1+ 34.
Kh2 Ra2+ 35. Kg3 Qg2+ 36. Kf4 Qh2# 0-1

[Event "Challenge"]
[Site "http://www.queenalice.com/game.php?id=826504"]
[Date "2010.9.1"]
[Round "-"]
[White "cesarcalegari"]
[Black "gatinha"]
[Result "1-0"]
[WhiteElo "1357"]
[BlackElo "1515"]

1. e4 Nc6 2. Qf3 Nf6 3. Bc4 d6 4. g4 Nd4 5. Qf4 Nxc2+ 6. Kf1 Nxa1 7. g5 b5 8.
Bxb5+ Bd7 9. Bc4 e5 10. Qf3 Ng8 11. Qxf7# 1-0